[Event "Muenster Masters op"]
[Site "Muenster"]
[Date "1996.??.??"]
[Round "3"]
[White "Holzke, Frank"]
[Black "Golubev, Mikhail"]
[Result "1/2-1/2"]
[WhiteElo "2375"]
[BlackElo "2520"]
[Annotator "Golubev,M"]
[PlyCount "71"]
[EventDate "1996.10.14"]
[EventType "swiss"]
[EventRounds "9"]
[EventCountry "GER"]
[SourceTitle "CBM 056"]
[Source "ChessBase"]
[SourceDate "1997.02.01"]
[SourceVersion "1"]
[SourceVersionDate "1997.02.01"]
[SourceQuality "1"]

1. e4 c5 2. Nf3 d6 3. d4 cxd4 4. Nxd4 Nf6 5. Nc3 g6 6. Be3 Bg7 7. f3 Nc6 8. Qd2
O-O 9. O-O-O d5 10. Qe1 (10. Kb1 e5 11. Nxc6 bxc6 12. exd5 Nxd5 13. Nxd5 cxd5
14. Qxd5 Qc7 $2 15. Qxa8 Bf5 16. Qd5 $18) 10... e5 11. Nxc6 bxc6 12. exd5 Nxd5
(12... cxd5 13. Bg5 Be6 14. Bc4 Qc7 15. Bxd5 $1 Nxd5 16. Nxd5 Bxd5 (16... Qc4
17. b3 $1 Qa6 18. Kb1 $16) (16... Qb7 $16) 17. Rxd5 Rfc8 18. Qd2 Rab8 19. b3
$16 {Hass,R-Nizynski,M/POL/1990/1:0/29/}) 13. Bc5 Be6 14. Ne4 Qc7 15. Bc4 Rfd8
16. g4 Nf4 17. Bxe6 (17. Qc3 Rd5 $13) (17. Bd6 $6 Rxd6 $1 18. Nxd6 Bd5 $44)
17... Rxd1+ $5 18. Qxd1 Nxe6 19. Qd6 {N/} (19. Be3 $13) (19. Bd6 $13) 19...
Bh6+ $6 $14 (19... Qb7 20. Rd1 (20. g5 Nxg5 21. Nxg5 Bf8 22. Qxe5 Bg7) 20...
Bf8 $2 (20... h6) (20... Qa6 $5) 21. Qxe5 $16 Bg7 22. Nf6+ Bxf6 23. Qxf6 Nxc5
24. Rd8+ Rxd8 25. Qxd8+ Kg7 26. Qd4+) (19... Qxd6 $1 20. Bxd6 Nd4 $1 $132 (
20... Rd8 $6 21. g5 $6 (21. Be7 $1 {/\g5/}) 21... Nxg5 22. Be7 Nxe4 23. Bxd8
Bh6+ $1) (20... f5 21. gxf5 gxf5 22. Ng3 Nd4 23. c3 $5) (20... f6 21. Rd1 $14))
20. Kb1 Qxd6 21. Bxd6 Bf4 22. Nf6+ $1 (22. h4 f5 $5 (22... Nd4)) (22. c3 Rd8 $1
) 22... Kg7 23. Nd7 Nd4 (23... f6 $2 24. Be7 $16) 24. Bxe5+ Bxe5 25. Nxe5 f6
26. c3 fxe5 27. cxd4 exd4 28. Rc1 Rf8 29. Rxc6 Rxf3 30. g5 (30. Rc7+ Kf6 $1)
30... d3 31. Rc7+ Kg8 32. Kc1 Rf1+ 33. Kd2 Rf2+ 34. Kxd3 Rxb2 35. Rxa7 Rxh2 36.
Ke4 1/2-1/2

[Event "Ciocaltea Memorial"]
[Site "Bucharest"]
[Date "1999.03.09"]
[Round "6"]
[White "Vukovic, Zdravko"]
[Black "Aronian, Levon"]
[Result "1-0"]
[WhiteElo "2480"]
[BlackElo "2500"]
[Annotator "Hansen,Cu"]
[PlyCount "79"]
[EventDate "1999.03.04"]
[EventType "tourn"]
[EventRounds "13"]
[EventCountry "ROU"]
[EventCategory "10"]
[SourceTitle "CBM 070"]
[Source "ChessBase"]
[SourceDate "1999.06.08"]
[SourceVersion "1"]
[SourceVersionDate "1999.06.08"]
[SourceQuality "1"]

1. e4 c5 2. Nf3 d6 3. d4 cxd4 4. Nxd4 Nf6 5. Nc3 g6 6. Be3 Bg7 7. f3 Nc6 8. Qd2
O-O 9. g4 Be6 $6 {This move - controlling the important square c4 but allowing
white to take on e6 - has been considered quite playable in this and similar
positions.} 10. Nxe6 fxe6 11. O-O-O Ne5 {The general opinion has been that
black had pretty good compensation for the doubled e-Ps because of active
posibilities in the open c and f-<-> and the fact that his e6-P controls the
important d5-square. This game however casts doubts on blacks setup} 12. Be2
Rc8 13. Nb5 Qd7 14. Nd4 Nc4 15. Bxc4 Rxc4 16. Kb1 Rfc8 17. c3 b5 18. h4 a5 19.
h5 {Slowly but surely it becomes clear that f7xe6 does not cause black
problems because of the doubled e-Ps but because blacks Ks-position has been
seriously weakened.} b4 20. cxb4 Rxb4 21. Rc1 {Black is more or less attacking
with only two Rs against a white K-position that has no weakneses.} Rxc1+ (
21... Rcb8 22. Rc2 $16) 22. Rxc1 {Now black is not going to get mated, but his
own counterchances have also become less dangerous. The more pieces that get
exchanged the more important does whites better P-structure become. Endings
are rather bad for black} Qb7 23. a3 (23. hxg6 hxg6 24. Rc2 Nxg4 25. fxg4 Qxe4
$44) 23... Nxe4 (23... Rb6 24. hxg6 hxg6 25. Rc2 $16 {[%csl Ra5,Re6][%cal
Rd2a5,Rd4e6,Gd2b2]}) 24. fxe4 Qxe4+ 25. Qc2 $1 Rxd4 26. Bxd4 Qxd4 27. hxg6 hxg6
28. g5 $1 $18 {Blacks is clearly lost and again for at combination of tactical
and positional reasons. All endgames are hopeless because white will create a
passed P in the b-<-> very fast. If black keeps the Qs on the board the open f
and h-<-> will cause his own K serious problems.} Qf4 (28... a4 29. Rf1 {
[%cal Rc2c8]}) 29. Qxg6 Qf5+ 30. Qxf5 exf5 31. b4 axb4 32. axb4 Kf7 33. b5 d5
34. b6 Be5 35. b7 f4 36. Rc8 Kg6 37. Rg8+ Kh5 38. g6 f3 39. b8=Q Bxb8 40. Rxb8
{It seems black has problems to solve in this line} 1-0

[Event "Helsingor Jubilee"]
[Site "Helsingor"]
[Date "1999.10.20"]
[Round "2"]
[White "Hector, Jonny"]
[Black "Hansen, Sune Berg"]
[Result "1/2-1/2"]
[WhiteElo "2505"]
[BlackElo "2558"]
[Annotator "Hansen,SB"]
[PlyCount "62"]
[EventDate "1999.10.19"]
[EventType "tourn"]
[EventRounds "6"]
[EventCountry "DEN"]
[EventCategory "13"]
[SourceTitle "CBM 074"]
[Source "ChessBase"]
[SourceDate "2000.02.01"]
[SourceVersion "1"]
[SourceVersionDate "2000.02.01"]
[SourceQuality "1"]

1. e4 c5 2. Nf3 d6 3. d4 cxd4 4. Nxd4 Nf6 5. Nc3 g6 6. Be3 Bg7 7. f3 Nc6 8. Bc4
O-O 9. Qe2 {Hector and I share a common interest in this line, it is our third
game in this variation (should be called the Nordic attack since it is
championed mainly by Nordic players like Arnason, Hellers, Hector and myself.}
Na5 {The last chance to prevent white from castling queenside. If white
doesn't like this line he can play the Bishop to b3 before he moves his queen,
since Knight a5 is then met by Qd2!} 10. Bd3 Bd7 11. O-O Rc8 12. Rfd1 {When we
had this position in 1996 Hector played} (12. Ndb5 a6 13. Na7 {Which was
refuted by.} Rxc3) 12... a6 13. Nb3 Be6 {A prepared novelty, but not a very
good one!} 14. e5 Nd5 15. Nxd5 Bxd5 16. exd6 exd6 17. Nxa5 Qxa5 {All this was
forced, and here the computer said that white had to play 18.c4 and then black
is fine!} 18. c3 $1 {Offcourse! - there is something to learn here don't trust
computers in positionel positions.} Rfe8 19. Qf2 $6 (19. Qd2 $14) 19... Bc6 20.
Bc4 Qh5 21. Bb3 Re7 $1 22. Bf4 $5 {It is not easy for white to make the
position static and then give the d-pawn an massage. So he exchange his
structural advantage for the initiative.} Be5 23. Bxe5 dxe5 24. Bd5 Bxd5 25.
Rxd5 Qf5 {The sensible approach - or - If you don't know what to do
centralize!!} 26. Rad1 Qe6 27. a4 e4 $11 28. Rd8+ Rxd8 29. Rxd8+ Re8 30. Rxe8+
Qxe8 31. Qd4 exf3 1/2-1/2

[Event "RUS-ch 54th"]
[Site "Elista"]
[Date "2001.05.06"]
[Round "6"]
[White "Sveshnikov, Evgeny"]
[Black "Potapov, Alexander"]
[Result "1-0"]
[WhiteElo "2571"]
[BlackElo "2490"]
[Annotator "Hecht,H"]
[PlyCount "125"]
[EventDate "2001.04.29"]
[EventType "swiss"]
[EventRounds "9"]
[EventCountry "RUS"]
[SourceTitle "CBM 083"]
[Source "ChessBase"]
[SourceDate "2001.07.05"]
[SourceVersion "1"]
[SourceVersionDate "2001.07.05"]
[SourceQuality "1"]

1. e4 g6 2. d4 Bg7 3. Nc3 c5 4. Nf3 cxd4 5. Nxd4 d6 6. Be3 Nf6 7. f3 O-O 8. Qd2
Nc6 9. g4 Nxd4 10. Bxd4 Be6 11. O-O-O Qa5 12. a3 Rfc8 13. h4 Rab8 14. h5 b5 15.
h6 Bh8 16. Nd5 Qxd2+ 17. Rxd2 Nxd5 18. exd5 Bxd5 19. Bxh8 Bxf3 20. Rh3 Bxg4 21.
Rg3 Be6 22. Bd4 a6 23. Re3 Rc7 24. Bg2 Kf8 25. Rxe6 fxe6 {[#] Turmbeherrschung
durch das Läuferpaar} 26. Bg7+ Ke8 27. Bh3 Kd7 28. Re2 Rc5 29. Bxe6+ Kc6 30.
Re3 Rh5 31. b4 Rd8 32. Rc3+ Kb7 33. Rf3 Kc7 34. Rc3+ Kb7 35. Kb2 d5 36. Re3 Kc6
37. Rc3+ Kb7 (37... Kd6 38. Bc8 e5 39. Bxa6 d4 40. Rc5 $18) 38. Rc5 Kb6 39. a4
bxa4 40. Ka3 Kb7 41. Kxa4 Kb6 42. c3 Kb7 43. c4 d4 $6 (43... dxc4 $142 44. Rxc4
Rh1) 44. Bd5+ Kb8 45. Bxd4 e6 46. Bf6 exd5 (46... Re8 47. Bc6 Rxc5 48. bxc5 Rf8
49. Be5+ Kc8 50. Be4 Rf1 51. Bxg6 Rh1 52. Bf7 Rxh6 53. c6 Kd8 54. Ka5 Ke7 55.
c7 Kd7 56. Kb6 Rh4 57. Bxe6+ $18) 47. Bxd8 dxc4 48. Bg5 Kb7 49. Ka3 Rh3+ 50.
Ka2 Rh2+ 51. Kb1 Rf2 52. Rxc4 Rf5 53. Rc5 Rf2 54. Kc1 Rg2 55. Bd2 Re2 56. Kc2
Re7 57. Kd3 Rd7+ 58. Kc3 Rf7 59. Be3 Rf3 60. Kd3 Rf7 61. Kd4 Re7 62. Bg5 Re8
63. Re5 1-0

[Event "Winterthur"]
[Site "Winterthur"]
[Date "1996.??.??"]
[Round "6"]
[White "Vogt, Lothar"]
[Black "Ballmann, Martin"]
[Result "0-1"]
[WhiteElo "2505"]
[BlackElo "2360"]
[Annotator "Johnson,M"]
[PlyCount "108"]
[EventDate "1996.09.??"]
[EventType "tourn"]
[EventRounds "11"]
[EventCountry "SUI"]
[EventCategory "9"]
[SourceTitle "CBM 055"]
[Source "ChessBase"]
[SourceDate "1996.12.01"]
[SourceVersion "1"]
[SourceVersionDate "1996.12.01"]
[SourceQuality "1"]

1. e4 {Schulz,A} c5 2. Nf3 d6 3. d4 cxd4 4. Nxd4 Nf6 5. Nc3 g6 6. Be3 Bg7 7. f3
Nc6 8. Qd2 O-O 9. O-O-O d5 10. Qe1 $5 {Die moderne Antwort auf 9...d5} e5 $5 (
10... e6 {is a more solid alternative}) 11. Nxc6 bxc6 12. exd5 Nxd5 $1 (12...
cxd5 $2 13. Bg5 Be6 14. Bc4 Qc7 15. Bxf6 dxc4 16. Bxg7 Kxg7 17. Qe3 Rab8 18.
Rhe1 f6 19. Ne4 Rb6 20. Nc5 Rf7 21. g4 Re7 22. g5 Bg8 23. f4 fxg5 24. fxg5 $16
Rc6 25. Ne4 Qa5 26. a3 Be6 27. Nc3 Rc5 28. Rd6 Bf5 29. Red1 Qc7 30. R6d5 Rc6
31. Re1 Kf7 32. h4 e4 33. Rd4 Qh2 34. Nd5 Re5 35. Rd2 $18 Qxh4 36. Qxa7+ Kg8
37. Red1 Qxg5 38. Qb8+ Bc8 39. Nc7 {1-0 Kuporosov,V-Kovacevic,A/Vrnjacka Banja
op 1992}) 13. Bc4 Be6 14. Ne4 Qb8 15. Bc5 Rd8 16. Qa5 $5 {Novelty. More usual
is 16.Qh4} (16. Qh4 h6 17. g4 Qc7 18. g5 h5 19. Qf2 a5 20. a4 $1 Rab8 21. Rd3
Kh8 22. Rhd1 Nf4 23. Rxd8+ Rxd8 24. Rxd8+ Qxd8 25. Bf1 Qd5 26. b3 Bf5 27. Bc4
Qd7 28. Qd2 Nd5 29. Qxa5 Bh3 30. Qd2 Qf5 31. Qf2 Qf4+ 32. Kb1 Bg4 33. fxg4 Qxe4
34. gxh5 Nc3+ 35. Kc1 Qh1+ 36. Qf1 Qxh2 37. h6 {1-0 Dvoirys,S-Basin,L/
Simferopol 1988}) (16. Qh4 {Schulz,A  Ein Plan für Weiß ist: g2-g4-g5 und Nf6.}
) (16. Bb3 {Schulz,A}) 16... f5 17. Ng5 e4 18. Bb3 Bh6 (18... Qe5 $5 {Schulz,A}
19. Bd4 (19. c3 $4 Qf4+ $19) 19... Qf4+ 20. Qd2 Bxd4 21. Qxf4 (21. Nxe6 Qxd2+
22. Kxd2 Bxb2 23. fxe4 fxe4 24. Nxd8 Rxd8 $13) 21... Nxf4 22. Nxe6 Nxe6 23.
Bxe6+ Kg7 24. fxe4 fxe4 25. Rhe1 $2) 19. h4 Qc7 20. Qe1 (20. Qxc7 Nxc7 21. fxe4
fxe4 {is unclear}) 20... Re8 21. fxe4 Bf7 22. Rd4 (22. Kb1 {Schulz,A} Bxg5 23.
hxg5 Rxe4 $13) 22... Qf4+ 23. Kb1 Bxg5 24. hxg5 Qxg5 25. Qf2 Rxe4 (25... fxe4
$4 26. Rxh7 $1 Kxh7 27. Qxf7+ Kh6 (27... Kh8 28. Rd1 $18) 28. Rd1 Qf5 29. Bxd5
Qxf7 30. Bxf7 {and Black's rooks are no match for White's raking bishops, the
problem is to avoid losing more material while having to defend against being
mated! e.g.} Red8 31. Rf1 {now the threat is 32.Be7 and 33.Bf6} Rd7 32. Be6 Rb7
33. Bd4 Re8 34. Bf6 Rb5 (34... g5 35. Bf5) 35. Bg4 g5 36. c4 $1 Rc5 37. b4 Rxc4
38. Bf5 e3 39. g4 {and wins}) 26. Bxa7 Rae8 (26... Rxa7 $5 {Schulz,A} 27. Rxe4
{Ein interssantes Thema für die Suchmaske in ChessBase: Beide behalten Ihre
Königsflügelbauern. In dieser Partie machen die Schwarzen das Rennen.}) 27.
Rxe4 Rxe4 28. a3 Nf6 29. Qb6 (29. Bxf7+ Kxf7 30. Bd4 {was worth considering} (
30. Bd4 {Schulz,A} h5 31. Rd1 Nd5)) 29... Qxg2 30. Rg1 Qh2 (30... Qf3 {Schulz,A
}) 31. Bxf7+ Kxf7 32. Qxc6 Qd2 {Black's king is exposed but his well
centralized pieces are very strong, providing adequate compensation} 33. Rc1 {
but this doesn't look right} f4 34. Bc5 g5 {now the Black pawns are beginning
to look dangerous} 35. Bb4 Qd7 36. Qa8 (36. Qxd7+ Nxd7 {Black's advanced pawns
would win easily}) 36... Re8 37. Qa5 Kg6 38. Bc3 Qf5 39. Qb6 Qe6 40. Qd4 Qf5
41. a4 {At last White starts to mobilise his pawns but it's too late} g4 42. a5
f3 43. Qa4 Re4 44. Qc6 f2 $1 45. Bxf6 f1=Q 46. Bd4+ Re6 47. Qxe6+ Qxe6 48. Rxf1
Qd5 (48... Qe2) 49. Bb6 h5 50. Rg1 Qe6 51. Bf2 Qe2 52. Bg3 Kg5 53. Re1 Qf3 54.
Re5+ Kf6 0-1

[Event "Winterthur"]
[Site "Winterthur"]
[Date "1996.??.??"]
[Round "10"]
[White "Gallagher, Joseph G"]
[Black "Ballmann, Martin"]
[Result "1/2-1/2"]
[WhiteElo "2530"]
[BlackElo "2360"]
[Annotator "Johnson,M"]
[PlyCount "54"]
[EventDate "1996.09.??"]
[EventType "tourn"]
[EventRounds "11"]
[EventCountry "SUI"]
[EventCategory "9"]
[SourceTitle "CBM 055"]
[Source "ChessBase"]
[SourceDate "1996.12.01"]
[SourceVersion "1"]
[SourceVersionDate "1996.12.01"]
[SourceQuality "1"]

1. e4 c5 2. Nf3 d6 3. d4 cxd4 4. Nxd4 Nf6 5. Nc3 g6 6. Be3 Bg7 7. f3 Nc6 8. Qd2
O-O 9. O-O-O d5 10. Qe1 e5 11. Nxc6 bxc6 12. exd5 Nxd5 13. Bc4 Be6 14. Ne4 Qb8
15. Bc5 Rd8 16. Qa5 Bh6+ {Interesting that Ballman deviates from Vogt-Ballman
which occurred in round 6 where he played 16...f5 and eventually won. However,
16...Bh6+ in preparation for 17...f5 does appear to be an improvement as Ng5
is prevented.} 17. Kb1 f5 18. Nf2 Bg7 19. Bb3 Bf6 $10 20. g4 Qb5 21. Qxb5 cxb5
22. gxf5 gxf5 23. Rhe1 a5 24. Bb6 Rd7 25. Ne4 fxe4 26. fxe4 Ra6 27. Bf2 Rad6
1/2-1/2

[Event "Hoogovens-B"]
[Site "Wijk aan Zee"]
[Date "1996.01.25"]
[Round "8"]
[White "Van der Wiel, John"]
[Black "Van de Mortel, Jan"]
[Result "1-0"]
[WhiteElo "2535"]
[BlackElo "2315"]
[Annotator "Johnson,M"]
[PlyCount "69"]
[EventDate "1996.01.16"]
[EventType "tourn"]
[EventRounds "11"]
[EventCountry "NED"]
[EventCategory "10"]
[SourceTitle "CBM 052"]
[Source "ChessBase"]
[SourceDate "1996.06.01"]
[SourceVersion "1"]
[SourceVersionDate "1996.06.01"]
[SourceQuality "1"]

1. e4 c5 2. Nf3 d6 3. d4 cxd4 4. Nxd4 Nf6 5. Nc3 g6 6. Be3 Bg7 7. f3 O-O 8. Qd2
Nc6 9. O-O-O Nxd4 10. Bxd4 Be6 11. Kb1 Qc7 12. h4 Rfc8 13. h5 Qa5 (13... Nxh5
$4 14. Bxg7 Kxg7 15. g4 Nf6 16. Qh6+ Kg8 17. e5 $1 dxe5 18. g5 Nh5 19. Rxh5
gxh5 20. Bd3 e4 21. Nxe4 $18) 14. hxg6 hxg6 15. a3 Bc4 $5 (15... Rab8 16. Bd3
$1 b5 17. Qg5 Qc7 18. e5 dxe5 19. Bxe5 Qc5 20. f4 Rb7 21. Bxg6 $1 fxg6 22. Qxg6
Bf7 23. Rh8+ {1-0 van der Wiel-Sax,Plovdiv,1983}) 16. Rh3 b5 17. Bxc4 Rxc4 18.
Rdh1 e5 19. Be3 Rxc3 20. Qxc3 Qxc3 21. bxc3 d5 22. Bg5 dxe4 23. Bxf6 Bxf6 24.
fxe4 Rc8 25. Rf3 Be7 26. Rhf1 f6 27. Rd1 Rc7 28. Rfd3 Bxa3 29. Rd7 Rxd7 30.
Rxd7 Bc5 31. Rd5 Be3 32. Rxb5 Kf7 33. Rb7+ Ke6 34. Rg7 Bg5 35. Kb2 1-0

[Event "POL-ch 53rd"]
[Site "Brzeg Dolny"]
[Date "1996.??.??"]
[Round "11"]
[White "Socko, Bartosz"]
[Black "Grabarczyk, Bogdan"]
[Result "1/2-1/2"]
[WhiteElo "2455"]
[BlackElo "2420"]
[Annotator "Johnson,M"]
[PlyCount "79"]
[EventDate "1996.03.09"]
[EventType "tourn"]
[EventRounds "15"]
[EventCountry "POL"]
[EventCategory "9"]
[SourceTitle "CBM 053"]
[Source "ChessBase"]
[SourceDate "1996.08.01"]
[SourceVersion "1"]
[SourceVersionDate "1996.08.01"]
[SourceQuality "1"]

1. e4 {Schulz,A} c5 2. Nf3 d6 3. d4 cxd4 4. Nxd4 Nf6 5. Nc3 g6 6. Be3 Bg7 7. f3
Nc6 8. Qd2 O-O 9. g4 $6 e6 (9... Be6 $1 10. O-O-O Nxd4 11. Bxd4 Qa5 12. a3 Rab8
13. g5 Nh5 $1 14. Bxg7 Nxg7 15. Kb1 (15. h4 b5 $6 16. Nd5 Qxd2+ 17. Rxd2 Bxd5
18. Rxd5 $14 {Aseev - Khalifman, Erfurt 1991.}) 15... Rfc8 16. Nd5 Qxd2 17.
Rxd2 Bxd5 18. exd5 Nf5 19. Bh3 Rc4 $1 $10 20. Re1 Kf8 21. Re4 Rbc8 22. c3 R8c7
23. Rd3 h6 {0-1 Mueller,K-Khalifman,A/Germany-CupT/1992 (58)}) 10. O-O-O d5 11.
Be2 Bd7 (11... Nxd4 {Schulz,A} 12. Bxd4 dxe4 13. g5 $13) 12. g5 Nh5 13. exd5 (
13. Nb3 {Schulz,A} d4 14. Nxd4 Nxd4 15. Bxd4 Bxd4 16. Qxd4 Qxg5+ {1/2-1/2
Magem Badals,J-Almeida,R/Andorra zt ;CBM 04 1987 (49)}) 13... Nxd4 14. Bxd4
Bxd4 15. Qxd4 Qxg5+ 16. Kb1 exd5 17. Rhg1 Qf4 18. Nxd5 Qxd4 19. Rxd4 Rae8 20.
Bd1 {/\ f3-f4 xSh5,xf6} Kh8 21. f4 Bc6 22. Bxh5 gxh5 23. c4 h4 24. Kc1 Re2 25.
f5 (25. Rd2 {Schulz,A} Re4 26. b3 Bxd5 27. Rxd5 Rxf4 $10) 25... Rxh2 26. Nf6 h6
(26... h5 $142 {Schulz,A} 27. Nxh5 $140 Rg8 $15) 27. Rdg4 Rh1 28. Rxh1 Bxh1 29.
Rxh4 Bf3 30. Rh3 (30. Nd7 $1 {Schulz,A} Rd8 (30... Re8 31. Rxh6+ Kg7 32. Rh7+
Kxh7 33. Nf6+ Kh6 34. Nxe8 Kg5 35. Nd6 Kf4 36. b4 $16) 31. Ne5 Rd1+ 32. Kc2 Rf1
33. Nxf7+ (33. Rf4 $4 Bd1+ $19) 33... Kg7 34. Nd6 $16) 30... Be2 31. b3 Kg7 32.
Nd5 Bg4 33. Rg3 h5 34. Ne3 Kf6 35. Nxg4+ hxg4 36. Rxg4 Kxf5 37. Rd4 Ke6 38.
Re4+ Kd6 39. Rd4+ Kc6 40. Kd2 1/2-1/2

[Event "Villa Gesell"]
[Site "Villa Gesell"]
[Date "1996.??.??"]
[Round "10"]
[White "Ricardi, Pablo"]
[Black "Hoffman, Alejandro"]
[Result "1/2-1/2"]
[WhiteElo "2555"]
[BlackElo "2410"]
[Annotator "Johnson,M"]
[PlyCount "116"]
[EventDate "1996.03.??"]
[EventType "tourn"]
[EventRounds "11"]
[EventCountry "ARG"]
[EventCategory "11"]
[SourceTitle "CBM 052"]
[Source "ChessBase"]
[SourceDate "1996.06.01"]
[SourceVersion "1"]
[SourceVersionDate "1996.06.01"]
[SourceQuality "1"]

1. e4 c5 2. Nf3 d6 3. d4 cxd4 4. Nxd4 Nf6 5. Nc3 g6 6. Be3 Bg7 7. Qd2 Nc6 8. f3
O-O 9. O-O-O Nxd4 (9... d5 $5 10. exd5 Nxd5 11. Nxc6 bxc6 12. Bd4 (12. Nxd5
cxd5 13. Qxd5 $6 Qc7 $1 $36) 12... e5 13. Bc5 $13) 10. Bxd4 Be6 11. Kb1 Qc7 12.
g4 (12. Nb5 $6 Qc6 13. h4 (13. Nxa7 $2 Rxa7 $1 14. Bxa7 Qa4 $17) 13... Rfc8 14.
g4 a6 15. Nc3 b5 16. h5 b4 17. Ne2 Bh6 $1 18. Qd3 Bc4 $19) 12... Rfc8 13. h4
Qa5 14. Qg5 $5 Qxg5 15. hxg5 Nd7 16. Bxg7 Kxg7 17. Rh4 (17. Be2 f6 18. gxf6+
Nxf6 19. Nb5 Rc5 20. Nd4 Bd7 21. c4 h5 22. gxh5 Nxh5 23. Nb3 Rc7 24. c5 Ng3 25.
cxd6 exd6 26. Rh2 Rf8 27. Nd4 Rc5 28. Rg1 Rg5 29. Bb5 Bxb5 30. Ne6+ Kf6 31.
Nxf8 Kf7 32. Nh7 Rh5 33. Rxh5 Nxh5 34. Kc2 Kg7 35. Ng5 Kf6 36. Kd2 Bc6 37. Ke3
d5 38. b4 a6 39. a4 Bxa4 40. exd5 Ke5 41. Ne4 Bd7 42. Rxg6 Nf4 43. Rg5+ Bf5 44.
d6 Nd5+ 45. Kf2 Nxb4 46. d7 Nc6 47. Ng3 {1-0 Ivanchuk,V-Georgiev,Ki/Tilburg
20' (05) 1993}) 17... Rh8 (17... Rc5 18. f4 Rac8 19. Bd3 Bc4 20. Rdh1 Nf8 $13)
18. f4 Nb6 19. a4 a5 20. Bb5 Rad8 21. f5 Bc8 (21... Bc4 22. Bxc4 Nxc4 23. Nd5
$14) 22. Rf1 f6 (22... h6 23. f6+ exf6 24. gxf6+ Kg8 $14) 23. gxf6+ Kxf6 24.
Rh2 h6 25. Re2 gxf5 26. exf5 Rdg8 27. b4 axb4 28. Ne4+ Kf7 29. a5 Bd7 30. Bd3
Na4 31. Bc4+ Kf8 32. Bxg8 Bb5 33. Bb3 Bxe2 34. Rf2 Bb5 35. f6 Nc3+ 36. Nxc3
bxc3 37. fxe7+ Ke8 38. Bd5 Ba6 39. Rf6 Rh7 40. Rxd6 Kxe7 41. Rb6 Kd8 42. Ka2
Rg7 43. Kb3 Kc7 44. Kxc3 Rxg4 45. Kb3 h5 46. Rh6 h4 47. c4 Rf4 48. Kb4 Kb8 49.
Rh7 Rg4 50. Kc5 Ka7 51. Rh8 Rf4 52. Rh7 Rg4 53. Kb4 Kb8 54. Be6 Rf4 55. Rh6 Ka7
56. Bd5 Rg4 57. Rh8 Rf4 58. Kc3 Rg4 1/2-1/2

[Event "Hoogovens"]
[Site "Wijk aan Zee"]
[Date "1996.01.14"]
[Round "2"]
[White "Adams, Michael"]
[Black "Topalov, Veselin"]
[Result "1/2-1/2"]
[WhiteElo "2660"]
[BlackElo "2700"]
[Annotator "Johnson,M"]
[PlyCount "81"]
[EventDate "1996.01.13"]
[EventType "tourn"]
[EventRounds "13"]
[EventCountry "NED"]
[EventCategory "17"]
[SourceTitle "CBM 051"]
[Source "ChessBase"]
[SourceDate "1996.04.01"]
[SourceVersion "1"]
[SourceVersionDate "1996.04.01"]
[SourceQuality "1"]

1. e4 c5 2. Nf3 d6 3. d4 cxd4 4. Nxd4 Nf6 5. Nc3 g6 6. Be3 Bg7 7. f3 Nc6 8. Qd2
O-O 9. O-O-O d5 10. Qe1 e6 (10... e5 11. Nxc6 bxc6 12. exd5 cxd5 (12... Nxd5)
13. Bg5 Be6 14. Bc4 $14) 11. h4 Qc7 12. h5 Nxh5 13. exd5 exd5 14. Ndb5 (14.
Nxd5 $6 Qe5 $15) 14... Qg3 15. Bf2 (15. Qxg3 Nxg3 16. Rg1 Nf5 $15) 15... Qf4+
16. Be3 Qf6 17. Rxd5 Nf4 (17... Be6 $2 18. Bg5 $18) 18. Rd6 Be6 19. Qd2 Nh5 20.
Bg5 $6 (20. Nc7 Ng3 (20... Rad8 21. N7d5 $1 Qe5 22. Rxd8 Rxd8 23. Ne7+ Nxe7 (
23... Kf8 24. Nxc6 Rxd2 25. Nxe5 $18) 24. Qxd8+ $18) 21. Nxe6 fxe6 22. Bc4 Rfe8
(22... Nxh1 23. Rxe6 Qd8 24. Rd6+ Kh8 25. Rxd8 Raxd8 26. Qe1 Rfe8 27. Ne4 $18)
23. Re1 Ne5 24. Bb5 Rf8 25. Bd4 $16) 20... Qe5 21. g4 Ng3 22. Bf4 (22. Rg1 Nxf1
23. Rxf1 Bxa2 24. b3 a6 $19) 22... Nxf1 23. Rxf1 Qc5 24. Be3 Qc4 $15 (24... Qb4
$10) 25. Rh1 Nb4 26. Bd4 Nxa2+ 27. Nxa2 Qxa2 28. Qh2 h5 (28... Qa1+ 29. Kd2
Qa5+ 30. Bc3 Bxc3+ 31. Nxc3 h5 32. gxh5 Qxh5 33. Qxh5 gxh5 34. Rxh5 Rfd8 $10)
29. Bxg7 Kxg7 30. Qe5+ Kg8 31. Nc3 (31. Rxh5 f6 $1 32. Qxe6+ Qxe6 33. Rxe6 gxh5
34. gxh5 Kf7 $15) 31... Qa1+ 32. Nb1 Ba2 33. Kd2 Rfe8 34. Qf6 Bxb1 (34... Rac8
$142 $1 35. gxh5 $1 (35. Rxh5 $2 Rxc2+ $1 36. Kd3 (36. Kxc2 Qxb1+ 37. Kc3 Qc1+
38. Kb4 Qc4+ 39. Ka5 b6+ 40. Rxb6 axb6+ 41. Qxb6 Ra8+) 36... Bc4+ 37. Kxc2 Qa4+
38. Kc3 Qb3+ 39. Kd4 Qd3+ 40. Kc5 Rc8+ 41. Kb4 Qb3+ 42. Ka5 b6+ 43. Rxb6 axb6+
44. Qxb6 Ra8+ 45. Qa6 Rxa6#) 35... Rxc2+ (35... Bxb1 $4 36. h6 $1 Rxc2+ 37. Kd1
$18) 36. Kxc2 Bxb1+ 37. Rxb1 Rc8+ 38. Kb3 Qxb1 39. hxg6 Qc2+ 40. Ka2 Qa4+ 41.
Kb1 Qc2+ $10) 35. Rxh5 gxh5 36. Qg5+ Kf8 37. Qh6+ Ke7 38. Qf6+ Kf8 39. Qh8+ Ke7
40. Qf6+ Kf8 41. Qh8+ 1/2-1/2